| 000 | 01276ngm a22003250a 4500 | ||
|---|---|---|---|
| 001 | PT13635 | ||
| 003 | AR-LpoUNG | ||
| 005 | 20210201232330.0 | ||
| 007 | co ||u|||uuuuu | ||
| 008 | 191001s1997||||ag |||||||||||||||||spa d | ||
| 020 |
_a9879217128 _c$30 |
||
| 040 |
_aAR-LpoUNG _bspa _cAR-LpoUNG _eaacr |
||
| 041 | _aspa | ||
| 044 | _aag | ||
| 082 | 0 | _a982.02 58v2 | |
| 245 | 1 | 0 |
_aHistoria Argentina : _bdesde la llegada de los españoles hasta 1853 |
| 250 | _a1º edición | ||
| 260 |
_aBuenos Aires : _bUniversal Soft, _c1997. |
||
| 300 | _atbls., il., mapas | ||
| 520 | _aEste segundo tomo incluye una visión histórica de la Argentina desde 1853 en adelante. El estado argentino moderno, las presidencias, crisis económicas y la inmigración europea son algunos de los interrogantes que se documentan. Mapas, cuadros, estadísticas, fotografías, reproducciones, imágenes, video y audio de nuestro siglo acompañan e ilustran los textos apoyados en una selecta bibliografía académica. | ||
| 650 | 4 | _aCONSTITUCIONES | |
| 650 | 4 | _aCULTURA | |
| 650 | 4 | _aDEMOCRACIA | |
| 650 | 4 | _aINMIGRACION | |
| 650 | 4 | _aREFORMA CONSTITUCIONAL | |
| 651 | 4 | _aArgentina | |
| 710 | 2 | _aUniversal Soft (firma comercial : Buenos Aires) | |
| 905 | _a13635 | ||
| 942 | _cCDDVD | ||
| 999 |
_c53398 _d53398 |
||